Statistics for Most Corrupt Countries 2020-2022

Click here to take the quiz!

General Stats

  • This quiz has been taken 21 times
  • The average score is 11 of 20

Answer Stats

Corrupt Country% Correct
Iraq
84%
Somalia
79%
Yemen
79%
Sudan
74%
Chad
68%
D.R Congo
68%
North Korea
68%
South Sudan
68%
Syria
68%
Eritrea
63%
Libya
63%
Venezuela
63%
Congo
58%
Haiti
53%
Burundi
42%
Guinea-Bissau
42%
Equatorial Guinea
32%
Nicaragua
26%
Turkmenistan
21%
Comoros
11%

Score Distribution

Percentile by Number Answered

Percent of People with Each Score

Your Score History

You have not taken this quiz